000 00408 a2200145 4500
020 _a1844080412
040 _aDLC
_bDLC
082 _a823.912
100 _aDu Maurier, Daphne
245 _aFrenchman's creek
_cDaphne Du Maurier
260 _aLondon:
_bVirago Press,
_c2003.
300 _a253 p. ;
_c20 cm.
650 _a 1.Pirates--Fiction.2.Cornwall(England: Country)--Fiction.
942 _cBK
_k823.912 DUM
_2ddc
999 _c8804
_d8804